000 003630000a22001450004500
020 _a0-8010-3447-7
041 0 _aENG
082 0 4 _aR 220.3 E521b
245 1 0 _aBaker Encyclopedia of the Bible / Walter A. Elwell, Editor general
260 _aGrand Rapids, Mi., USA : Baker
300 _a1079 Pag.
650 1 4 _aBIBLIA - DICCIONARIOS
001 52
942 _cBK
999 _c31607
_d31607